[Event "Mondiale Lampo FIDE 2017"]
[Site "Riyadh"]
[Date "30.12.2017"]
[Round "13.13"]
[White "Rapport, Richard"]
[Black "Grischuk, Alexander"]
[Result "1/2-1/2"]
[WhiteTitle "GM"]
[BlackTitle "GM"]
[WhiteElo "2707"]
[BlackElo "2772"]
[WhiteFideId "738590"]
[BlackFideId "4126025"]
[EventDate "2017.12.29"]

1. d4 Nf6 2. Bf4 g6 3. Nc3 d5 4. e3 Bg7 5. Nb5 Na6 6. h3 c6 7. Nc3 Qb6 8. Rb1
O-O 9. Bd3 Nb4 10. Nf3 Nxd3+ 11. cxd3 Bf5 12. g4 Be6 13. b4 a5 14. b5 a4 15.
bxc6 Qxc6 16. Nb5 Rfc8 17. O-O h5 18. g5 Nd7 19. Kh2 Bf5 20. Nh4 Be6 21. Qd2 Qc2
22. Rfd1 b6 23. Na3 Qc3 24. Nb5 Qc2 25. Na3 Qc3 26. Nb5 Qc2 1/2-1/2

[Event "Mondiale Lampo FIDE 2017"]
[Site "Riyadh"]
[Date "30.12.2017"]
[Round "13.14"]
[White "Dreev, Aleksey"]
[Black "Ponomariov, Ruslan"]
[Result "1-0"]
[WhiteTitle "GM"]
[BlackTitle "GM"]
[WhiteElo "2653"]
[BlackElo "2694"]
[WhiteFideId "4100107"]
[BlackFideId "14103320"]
[EventDate "2017.12.29"]

1. d4 d5 2. Nf3 Nf6 3. c4 e6 4. Nc3 a6 5. cxd5 exd5 6. Bg5 Be6 7. e3 Nbd7 8. Bd3
h6 9. Bf4 g5 10. Bg3 Nh5 11. Qc2 Nxg3 12. hxg3 Bg7 13. Bf5 Qf6 14. g4 c6 15. e4
dxe4 16. Nxe4 Qe7 17. O-O-O O-O-O 18. Rhe1 Kb8 19. Ng3 Rhe8 20. Bxe6 fxe6 21.
Qb3 Qd6 22. Kb1 Nf6 23. Ne5 Ka8 24. Nf7 Qf4 25. Nxd8 Rxd8 26. Rxe6 Qxf2 27. Nf5
Bh8 28. Re7 Rb8 29. Nd6 b5 30. Qc3 Qxg2 31. Qc5 1-0

[Event "Mondiale Lampo FIDE 2017"]
[Site "Riyadh"]
[Date "30.12.2017"]
[Round "13.15"]
[White "Jobava, Baadur"]
[Black "Bortnyk, Olexandr"]
[Result "1/2-1/2"]
[WhiteTitle "GM"]
[BlackTitle "GM"]
[WhiteElo "2690"]
[BlackElo "2610"]
[WhiteFideId "13601520"]
[BlackFideId "14120828"]
[EventDate "2017.12.29"]

1. b3 d5 2. Bb2 Bf5 3. e3 e6 4. h3 h6 5. Nc3 Nf6 6. d4 a6 7. g4 Bh7 8. Bd3 Bxd3
9. Qxd3 c5 10. O-O-O Nc6 11. Kb1 b5 12. dxc5 Bxc5 13. Nf3 Qa5 14. Nd4 Bxd4 15.
exd4 Rc8 16. Qe3 O-O 17. Rhg1 Ne7 18. f3 Rc7 19. Ne2 b4 20. Nf4 Rfc8 21. Rd2 Kf8
22. Nd3 Qb5 23. a4 Qb6 24. Rgg2 a5 25. h4 Qd6 26. h5 Nh7 27. Nc5 Nf6 28. Ka2 Nd7
29. Nd3 Nf6 30. Qe5 Qxe5 31. dxe5 Nd7 32. f4 Ke8 33. Bd4 Nc6 34. Bg1 Ne7 35. Kb2
Rc6 36. Bd4 R6c7 37. Rde2 Nc6 38. Bg1 d4 39. Re4 Nb6 40. Bxd4 Nxd4 41. Rxd4 Nd5
42. Re4 Nc3 43. Re1 Rd7 44. g5 Ke7 45. g6 f5 46. exf6+ Kxf6 47. Re5 Rd5 48. Kc1
Rc6 49. Kd2 Nb1+ 50. Kd1 Nc3+ 51. Ke1 Rcd6 52. Rg3 Rd4 53. Rxa5 Re4+ 54. Kf1 Ne2
55. Rf3 Nd4 56. Rh3 Nxc2 57. Rc5 Ne3+ 58. Ke2 Nd5+ 59. Kf2 Rd4 60. Rc4 Ne7 61.
Nxb4 Rd2+ 62. Kf3 Nf5 63. a5 Rb2 64. Kg4 Rdd2 65. a6 Rg2+ 66. Kf3 Rgf2+ 67. Kg4
Rg2+ 68. Kf3 Rbe2 69. Nd3 Rd2 70. Ne5 Rgf2+ 71. Kg4 Rg2+ 72. Kf3 Rgf2+ 73. Kg4
Rg2+ 1/2-1/2

[Event "Mondiale Lampo FIDE 2017"]
[Site "Riyadh"]
[Date "30.12.2017"]
[Round "13.16"]
[White "Li, Chao b"]
[Black "Quparadze, Giga"]
[Result "0-1"]
[WhiteTitle "GM"]
[BlackTitle "GM"]
[WhiteElo "2732"]
[BlackElo "2506"]
[WhiteFideId "8604436"]
[BlackFideId "13602250"]
[EventDate "2017.12.29"]

1. d4 Nf6 2. c4 e6 3. Nf3 Bb4+ 4. Nc3 b6 5. e3 Ne4 6. Qc2 Bb7 7. Bd3 f5 8. O-O
Bxc3 9. bxc3 O-O 10. Nd2 Qh4 11. f3 Nxd2 12. Bxd2 Nc6 13. e4 fxe4 14. fxe4 e5
15. c5 exd4 16. cxb6 cxb6 17. cxd4 Nxd4 18. Qa4 Nc6 19. Bc4+ Kh8 20. Bd5 Qe7 21.
Kh1 Rxf1+ 22. Rxf1 Rf8 23. Re1 h6 24. h3 Qh4 25. Qa3 Rf2 26. Bc1 Na5 27. Qc3 Rc2
28. Qe3 Nc4 29. Bxc4 Rxc4 30. Rf1 Bxe4 31. Bd2 d5 32. Qa3 Kh7 33. Be1 Qg5 34.
Bg3 Rc2 35. Rg1 Qh5 36. Kh2 Qg5 37. Qxa7 Qd2 38. Qf7 Qxg2+ 39. Rxg2 Rxg2+ 0-1

[Event "Mondiale Lampo FIDE 2017"]
[Site "Riyadh"]
[Date "30.12.2017"]
[Round "13.17"]
[White "Christiansen, Johan-Sebastian"]
[Black "Melkumyan, Hrant"]
[Result "0-1"]
[WhiteTitle "IM"]
[BlackTitle "GM"]
[WhiteElo "2495"]
[BlackElo "2633"]
[WhiteFideId "1512668"]
[BlackFideId "13302485"]
[EventDate "2017.12.29"]

1. e4 c6 2. d4 d5 3. Nd2 dxe4 4. Nxe4 Bf5 5. Ng3 Bg6 6. h4 h6 7. Nh3 e6 8. Nf4
Bh7 9. Bc4 Nf6 10. O-O Bd6 11. Nxe6 fxe6 12. Bxe6 Na6 13. Re1 Kf8 14. Qf3 Nc7
15. Bb3 Bg6 16. Nf5 Bxf5 17. Qxf5 Qd7 18. Qg6 Ncd5 19. c4 Ne7 20. Qd3 Qf5 21.
Qd2 Rd8 22. c5 Bxc5 23. Re5 Qxe5 24. dxe5 Rxd2 25. Bxd2 Ng4 26. Be1 Ke8 27. Rd1
Nd5 28. Bxd5 cxd5 29. Rxd5 Bb6 30. a4 Rf8 31. a5 Bxf2+ 32. Bxf2 Nxf2 33. Rb5 b6
34. axb6 axb6 35. Rxb6 Rf5 36. e6 Ng4 37. Rb7 g6 38. Rb6 h5 39. g3 Ke7 40. b4
Rf3 41. Kg2 Rb3 42. b5 Ne5 43. Kf2 Ng4+ 44. Kg2 Nf6 45. Rb7+ Kxe6 46. b6 Kf5 47.
Rb8 Nd7 0-1

[Event "Mondiale Lampo FIDE 2017"]
[Site "Riyadh"]
[Date "30.12.2017"]
[Round "13.18"]
[White "Georgiev, Kiril"]
[Black "Laznicka, Viktor"]
[Result "0-1"]
[WhiteTitle "GM"]
[BlackTitle "GM"]
[WhiteElo "2623"]
[BlackElo "2647"]
[WhiteFideId "2900017"]
[BlackFideId "316385"]
[EventDate "2017.12.29"]

1. d4 d5 2. Nf3 Nf6 3. c4 c6 4. cxd5 cxd5 5. Nc3 Nc6 6. Bf4 a6 7. Rc1 Nh5 8. Bd2
Nf6 9. Bf4 Nh5 10. Bg5 h6 11. Bd2 Nf6 12. Bf4 Nh5 13. e3 Nxf4 14. exf4 Bg4 15.
Be2 e6 16. Ne5 Bxe2 17. Nxe2 Bb4+ 18. Kf1 Nxe5 19. fxe5 O-O 20. g3 Qa5 21. a3
Be7 22. Qb3 b5 23. Kg2 Rfc8 24. Rxc8+ Rxc8 25. Rc1 Rc4 26. Rc3 Qb6 27. Qd1 Qc6
28. Qd3 g6 29. h3 Kg7 30. Kf3 b4 31. axb4 Bxb4 32. Rb3 a5 33. Qe3 a4 34. Rd3 Rc2
35. Qf4 Be7 36. Rd2 Bg5 37. Rxc2 Qxc2 38. Qg4 Qxb2 39. h4 Be7 40. Nf4 Qc2 41.
Kg2 Qf5 42. Qe2 Qe4+ 43. Qxe4 dxe4 44. Ne2 Bb4 45. f3 Bd2 46. d5 exd5 47. fxe4
dxe4 48. Nd4 a3 49. Nc2 a2 0-1

[Event "Mondiale Lampo FIDE 2017"]
[Site "Riyadh"]
[Date "30.12.2017"]
[Round "13.19"]
[White "Bacrot, Etienne"]
[Black "Movsesian, Sergei"]
[Result "1-0"]
[WhiteTitle "GM"]
[BlackTitle "GM"]
[WhiteElo "2725"]
[BlackElo "2647"]
[WhiteFideId "605506"]
[BlackFideId "310204"]
[EventDate "2017.12.29"]

1. e4 c5 2. Nf3 e6 3. d4 cxd4 4. Nxd4 Nc6 5. Nc3 d6 6. g4 a6 7. g5 Bd7 8. Be3 b5
9. a3 Rc8 10. Nxc6 Bxc6 11. Qd2 Qa5 12. Bg2 Ne7 13. f4 Rd8 14. Qf2 Nc8 15. f5
Be7 16. O-O e5 17. Rfd1 f6 18. h4 Qc7 19. a4 b4 20. Nd5 Qb7 21. Bf1 Bxd5 22.
Rxd5 O-O 23. Bc4 Kh8 24. Bb3 Rd7 25. g6 Bd8 26. a5 Ne7 27. Qe2 h6 28. Qh5 Ng8
29. Kg2 Rc7 30. Kf3 Rc6 31. Rd2 Qc7 32. Rg2 Rc4 33. Bxc4 Qxc4 34. Rd2 Be7 35.
Qg4 Rc8 36. Qg2 b3 37. c3 Qb5 38. Qe2 Rc4 39. Rd5 Qc6 40. Rad1 Qa4 41. Qd3 Qc6
42. Bb6 Qa4 43. Qe3 Qc6 44. Qe2 Qa4 45. R5d2 Qc6 46. Rd5 Qa4 47. Rxd6 Bxd6 48.
Rxd6 Rc8 49. Qd1 Qa2 50. Rd2 Qa4 51. Rd7 Qa2 52. Rxg7 1-0

[Event "Mondiale Lampo FIDE 2017"]
[Site "Riyadh"]
[Date "30.12.2017"]
[Round "13.20"]
[White "Van Foreest, Jorden"]
[Black "Khismatullin, Denis"]
[Result "0-1"]
[WhiteTitle "GM"]
[BlackTitle "GM"]
[WhiteElo "2629"]
[BlackElo "2632"]
[WhiteFideId "1039784"]
[BlackFideId "4142578"]
[EventDate "2017.12.29"]

1. e4 c5 2. Nf3 e6 3. d4 cxd4 4. Nxd4 a6 5. c4 Nf6 6. Nc3 Qc7 7. a3 b6 8. Be2
Bb7 9. f3 Nc6 10. Be3 Ne5 11. Rc1 Ng6 12. O-O Bd6 13. h3 Bh2+ 14. Kh1 Nh5 15.
Bf2 Ng3+ 16. Bxg3 Bxg3 17. Bd3 O-O 18. Nde2 Be5 19. f4 Nxf4 20. Nxf4 Bxf4 21.
Rc2 Be5 22. Qe2 Rac8 23. Qe3 Qc5 24. Qxc5 bxc5 25. Na4 d6 26. Rd1 Bc6 27. Nc3
Rb8 28. Rdd2 Rb3 29. Nd1 Rfb8 30. Re2 Rxd3 0-1

[Event "Mondiale Lampo FIDE 2017"]
[Site "Riyadh"]
[Date "30.12.2017"]
[Round "13.21"]
[White "Vallejo Pons, Francisco"]
[Black "Savchenko, Boris"]
[Result "1/2-1/2"]
[WhiteTitle "GM"]
[BlackTitle "GM"]
[WhiteElo "2707"]
[BlackElo "2566"]
[WhiteFideId "2205530"]
[BlackFideId "4147332"]
[EventDate "2017.12.29"]

1. e4 e6 2. d4 d5 3. Nd2 c5 4. exd5 exd5 5. Ngf3 Nf6 6. Bb5+ Bd7 7. Bxd7+ Nbxd7
8. O-O Be7 9. dxc5 Nxc5 10. Nd4 O-O 11. Nf5 Re8 12. Nxe7+ Qxe7 13. Nb3 Nce4 14.
Nd4 Qc7 15. c3 h6 16. f3 Nd6 17. Bf4 Nh5 18. Bxd6 Qxd6 19. Qd2 Qb6 20. Rfe1 Nf6
21. g3 Nd7 22. Kg2 Ne5 23. b3 Nd7 24. Rxe8+ Rxe8 25. Re1 Rd8 26. Nf5 Nf6 27. Qd4
Qxd4 28. cxd4 Kf8 29. Rc1 Ne8 30. Rc5 b6 31. Rc6 h5 32. Kf2 g6 33. Ne3 Ke7 34.
a4 Kd7 35. Rc2 Nc7 36. Ke2 Kd6 37. b4 a6 38. Kd3 Re8 39. h4 Ne6 40. b5 axb5 41.
axb5 Nd8 42. Rc8 Rf8 43. Ra8 Ne6 44. Ra7 f5 45. Rb7 f4 46. Rxb6+ Kd7 47. gxf4
Rxf4 48. Rb7+ Kd6 49. Rb6+ Kd7 50. Rb7+ Kd6 51. Rb6+ Kd7 52. Rb7+ Kd6 53. Rb6+
Kd7 54. Rb7+ Kd6 55. Rb6+ Kd7 56. Rb7+ Kd8 57. b6 Rxh4 58. Nc2 Rxd4+ 59. Nxd4
Nc5+ 60. Ke3 Nxb7 61. Kf4 Kd7 62. Kg5 Nd6 63. f4 Ne4+ 64. Kxg6 h4 65. Nf3 h3 66.
Kf5 Kc6 67. Kg4 h2 68. Nxh2 d4 69. Nf3 Kxb6 70. Nxd4 Kc5 71. Nf3 Kd5 72. Kf5
Nd6+ 73. Kf6 Ke4 1/2-1/2

[Event "Mondiale Lampo FIDE 2017"]
[Site "Riyadh"]
[Date "30.12.2017"]
[Round "13.22"]
[White "Dzhumagaliev, Yan"]
[Black "Akobian, Varuzhan"]
[Result "0-1"]
[WhiteTitle "FM"]
[BlackTitle "GM"]
[WhiteElo "2400"]
[BlackElo "2647"]
[WhiteFideId "24100110"]
[BlackFideId "13300580"]
[EventDate "2017.12.29"]

1. Nf3 d5 2. d4 Nf6 3. c4 e6 4. g3 c5 5. cxd5 exd5 6. Bg2 Nc6 7. O-O Be7 8. Nc3
O-O 9. dxc5 Bxc5 10. Bg5 d4 11. Bxf6 Qxf6 12. Nd5 Qd8 13. Nd2 a6 14. Rc1 Ba7 15.
Qb3 Re8 16. Nf4 Rb8 17. Rfe1 Bf5 18. Bd5 Qd7 19. a3 Rbd8 20. Bf3 h6 21. Nd3 Be6
22. Qc2 Bd5 23. Nc5 Bxc5 24. Qxc5 Re5 25. Qc2 Rde8 26. Qd3 R5e6 27. Bg4 h5 28.
Bxe6 Qxe6 29. Rc5 h4 30. e4 Ne5 31. Qxd4 Bc6 32. Rxe5 Qxe5 33. Qxe5 Rxe5 34. f3
Rc5 35. Kf2 Rc2 36. Ke3 h3 37. b4 Rc3+ 38. Kd4 Rxa3 39. f4 Bb5 40. Ke5 Ra2 41.
Nf3 Rf2 42. Re3 f6+ 43. Ke6 Bc6 44. Kf5 Bd7+ 45. Kg6 Be8+ 46. Kf5 Bh5 47. Nd4
Rxh2 48. g4 Be8 49. e5 fxe5 50. Kxe5 Rh1 51. Kf5 Bd7+ 52. Kg5 h2 53. Nf3 Bc6 54.
Kg6 Kf8 55. Nxh2 Rxh2 56. f5 Rh6+ 57. Kg5 Rd6 58. Re5 Kf7 59. Rc5 Rd4 60. Rc1
Rxb4 61. Rd1 Bf3 62. Rd7+ Ke8 63. Rc7 Rxg4+ 0-1

[Event "Mondiale Lampo FIDE 2017"]
[Site "Riyadh"]
[Date "30.12.2017"]
[Round "13.23"]
[White "Amin, Bassem"]
[Black "Kryvoruchko, Yuriy"]
[Result "1-0"]
[WhiteTitle "GM"]
[BlackTitle "GM"]
[WhiteElo "2689"]
[BlackElo "2689"]
[WhiteFideId "10601457"]
[BlackFideId "14109182"]
[EventDate "2017.12.29"]

1. e4 e5 2. Nf3 Nc6 3. Bc4 Bc5 4. O-O Nf6 5. d3 O-O 6. h3 h6 7. c3 d6 8. Re1 a5
9. Bb3 Be6 10. Ba4 Qb8 11. d4 exd4 12. cxd4 Bb4 13. d5 Bxe1 14. Nxe1 Nxe4 15.
dxc6 Nc5 16. cxb7 Qxb7 17. Bc2 Rad8 18. Nc3 d5 19. Nd3 Ne4 20. Nf4 Nf6 21. Na4
Qb4 22. Bd2 Qd6 23. Rc1 Bd7 24. Nc5 Rfe8 25. Nb7 Qb6 26. Nxd8 Rxd8 27. Be3 Qd6
28. Bb1 Rb8 29. b3 Rb4 30. Nd3 Re4 31. Nc5 Re8 32. Nxd7 Qxd7 33. Qd3 c6 34. Bd4
Ne4 35. f3 c5 36. Ba1 c4 37. bxc4 Ng5 38. h4 Qa7+ 39. Bd4 dxc4 40. Bxa7 cxd3 41.
hxg5 d2 42. Rf1 Re1 43. Bc2 hxg5 44. Bd1 f5 45. Kf2 Re7 46. Be3 1-0

[Event "Mondiale Lampo FIDE 2017"]
[Site "Riyadh"]
[Date "30.12.2017"]
[Round "13.24"]
[White "Sjugirov, Sanan"]
[Black "Aronian, Levon"]
[Result "0-1"]
[WhiteTitle "GM"]
[BlackTitle "GM"]
[WhiteElo "2650"]
[BlackElo "2805"]
[WhiteFideId "4189302"]
[BlackFideId "13300474"]
[EventDate "2017.12.29"]

1. d4 Nf6 2. Nf3 d5 3. Bg5 c5 4. e3 Nc6 5. Nbd2 Bg4 6. dxc5 e6 7. c4 Bxc5 8.
cxd5 Qxd5 9. Bxf6 gxf6 10. Bc4 Qh5 11. Qb3 O-O-O 12. Bb5 Ne5 13. Rc1 Kb8 14. Be2
Bb6 15. h3 Rhg8 16. Rf1 Bxf3 17. Bxf3 Nxf3+ 18. gxf3 Ba5 19. Rc2 Rxd2 20. Rxd2
Rd8 0-1

[Event "Mondiale Lampo FIDE 2017"]
[Site "Riyadh"]
[Date "30.12.2017"]
[Round "13.25"]
[White "Socko, Bartosz"]
[Black "Safarli, Eltaj"]
[Result "1/2-1/2"]
[WhiteTitle "GM"]
[BlackTitle "GM"]
[WhiteElo "2593"]
[BlackElo "2639"]
[WhiteFideId "1107038"]
[BlackFideId "13402129"]
[EventDate "2017.12.29"]

1. d4 Nf6 2. c4 e6 3. g3 d5 4. Bg2 Be7 5. Nf3 O-O 6. O-O dxc4 7. Qc2 a6 8. a4
Bd7 9. Qxc4 Bc6 10. Bf4 Bd6 11. Qc1 a5 12. Nc3 Na6 13. Rd1 Nb4 14. Bd2 Ne4 15.
Be1 f5 16. Nb5 Qe8 17. Nxd6 cxd6 18. Bxb4 axb4 19. a5 Bd5 20. Qe3 Qb5 21. Nd2
Nxd2 22. Bxd5 Qxd5 23. Rxd2 Rfe8 24. Rc2 Rxa5 25. Rac1 Ra6 26. Rc7 Rc6 27. h4 h6
28. h5 Rxc1+ 29. Rxc1 e5 30. Rc7 Ra8 31. Kh2 Ra1 32. f3 Qxd4 33. Qxd4 exd4 34.
Rxb7 Re1 35. Rxb4 Rxe2+ 36. Kh3 d3 37. Rd4 Rxb2 38. Rxd3 Rb6 39. Rd5 Kf7 40.
Rxf5+ Ke6 41. Rf8 d5 42. Re8+ Kf6 43. Rd8 Ke6 44. Kg4 Rd6 45. Re8+ Kf7 46. Re3
d4 47. Rd3 Rd5 48. Kf4 Rxh5 49. Rxd4 1/2-1/2

[Event "Mondiale Lampo FIDE 2017"]
[Site "Riyadh"]
[Date "30.12.2017"]
[Round "13.26"]
[White "Bu, Xiangzhi"]
[Black "Bosiocic, Marin"]
[Result "1-0"]
[WhiteTitle "GM"]
[BlackTitle "GM"]
[WhiteElo "2730"]
[BlackElo "2624"]
[WhiteFideId "8601445"]
[BlackFideId "14507927"]
[EventDate "2017.12.29"]

1. Nf3 d5 2. d4 e6 3. c4 a6 4. Nc3 Nf6 5. cxd5 exd5 6. Bf4 Bd6 7. Bg3 O-O 8. e3
Nc6 9. Bd3 Bg4 10. a3 Bxg3 11. hxg3 g6 12. Qc2 Qd6 13. O-O-O b5 14. Ne2 b4 15.
Qc5 bxa3 16. bxa3 Qd7 17. Nc3 Bxf3 18. gxf3 Nd8 19. Kd2 Ne6 20. Qa5 Rfc8 21. Na4
Rab8 22. Rc1 Rb3 23. Nc5 Nxc5 24. Qxc5 Kg7 25. Rc2 Qa4 26. g4 h6 27. Qe7 Re8 28.
Qc5 Rxa3 29. Rb1 Rb3 30. Rxb3 Qxb3 31. Qxc7 Re6 32. Qc3 Qb1 33. Rc1 Qb8 34. Qc7
Qb4+ 35. Qc3 Qd6 36. Qc7 Qb4+ 37. Qc3 Qd6 38. Rb1 Qh2 39. Ke2 Qd6 40. Rb7 Nh7
41. Qc7 Qxc7 42. Rxc7 Nf8 43. Ra7 Rb6 44. Rxa6 Rb2+ 45. Kf1 Ne6 46. Rd6 Rd2 47.
Be2 Nc7 48. Rd7 Rc2 49. Bd1 Rc1 50. Ke2 h5 51. Kd2 Rc6 52. Ba4 Rc4 53. Bb3 Rc6
54. gxh5 1-0

[Event "Mondiale Lampo FIDE 2017"]
[Site "Riyadh"]
[Date "30.12.2017"]
[Round "13.28"]
[White "Zhigalko, Sergei"]
[Black "Cheparinov, Ivan"]
[Result "0-1"]
[WhiteTitle "GM"]
[BlackTitle "GM"]
[WhiteElo "2641"]
[BlackElo "2710"]
[WhiteFideId "13502956"]
[BlackFideId "2905540"]
[EventDate "2017.12.29"]

1. e4 e5 2. Nf3 Nc6 3. Bc4 Bc5 4. O-O Nf6 5. d3 d6 6. c3 h6 7. Nbd2 a5 8. Re1
O-O 9. Nf1 a4 10. Bb5 Ng4 11. Ne3 a3 12. b4 Bxe3 13. Bxe3 f5 14. exf5 Bxf5 15.
Bxc6 bxc6 16. h3 Nf6 17. c4 Qd7 18. Rb1 Kh8 19. Rb3 Rf7 20. d4 e4 21. Nd2 g5 22.
b5 cxb5 23. Rxb5 c6 24. Rb3 d5 25. Qe2 Kh7 26. Reb1 Qe6 27. Rb6 g4 28. h4 g3 29.
fxg3 Bg4 30. Qe1 Rg8 31. Bf4 Bf5 32. Qe3 Ng4 33. Qxa3 e3 34. Nf3 Bxb1 35. Rxb1
e2 36. cxd5 Qe4 37. Re1 Rxf4 38. gxf4 Ne3 39. Rxe2 Qb1+ 40. Kh2 Nf1+ 41. Kh3
Qf5+ 42. g4 Qxg4# 0-1

[Event "Mondiale Lampo FIDE 2017"]
[Site "Riyadh"]
[Date "30.12.2017"]
[Round "13.30"]
[White "Vidit, Santosh Gujrathi"]
[Black "Dobrov, Vladimir"]
[Result "1-0"]
[WhiteTitle "GM"]
[BlackTitle "GM"]
[WhiteElo "2715"]
[BlackElo "2515"]
[WhiteFideId "5029465"]
[BlackFideId "4136594"]
[EventDate "2017.12.29"]

1. d4 Nf6 2. Nf3 e6 3. e3 c5 4. Bd3 Nc6 5. O-O d5 6. b3 Bd6 7. Bb2 O-O 8. dxc5
Bxc5 9. Nbd2 Qe7 10. e4 Rd8 11. Qe2 Ba3 12. Bxa3 Qxa3 13. e5 Nd7 14. Rfe1 Nf8
15. c4 Nb4 16. cxd5 Nxd3 17. Qxd3 Rxd5 18. Qe3 Bd7 19. h4 Rd8 20. h5 h6 21. Ne4
Qe7 22. Qxa7 Bc6 23. Qe3 Nd7 24. Qf4 Nc5 25. Nxc5 Qxc5 26. Rac1 Qa3 27. Nh2 Rd4
28. Qg3 Qxa2 29. Ng4 Kf8 30. f3 Rd2 31. Rc3 Rb2 32. Kh2 Rxb3 33. Rxb3 Qxb3 34.
Qf4 Qc3 35. Nxh6 gxh6 36. Qxh6+ Ke8 37. Qh8+ Kd7 38. Rd1+ Bd5 39. Qf6 Kc6 40.
Qxd8 Qxe5+ 41. Kh1 Qxh5+ 42. Kg1 Qh6 43. Qc8+ Kd6 44. Qc3 Qh4 45. Rd4 Qg5 46.
Qb4+ Kc6 47. Qc3+ Kd6 48. Rg4 Qf5 49. Qb4+ Kc6 50. Rd4 Qc2 51. Rd2 Qc1+ 52. Kh2
b5 53. Qd4 f5 54. Re2 Qh6+ 55. Kg1 Qc1+ 56. Kh2 Qh6+ 57. Kg3 Qg5+ 58. Kf2 Bc4
59. Re5 Qe7 60. g4 Qh4+ 61. Kg2 Qe7 62. Qe3 fxg4 63. Qe4+ Kb6 64. fxg4 Qd6 65.
Qe3+ Ka6 66. g5 Bd5+ 67. Kg3 Qf8 68. Qf4 Qa3+ 69. Kg4 Qd3 70. Re3 Qd1+ 71. Kh4
Qh1+ 72. Rh3 Qb1 73. Rh2 b4 74. Kg3 b3 75. Qf2 Qd3+ 76. Kh4 Qe4+ 77. Kg3 b2 78.
Qxb2 Qf3+ 79. Kh4 Qf4+ 80. Kh5 Bf3+ 81. Kh6 Qf8+ 82. Qg7 Qf4 83. Ra2+ Kb5 84.
Qd7+ Kc5 85. Rc2+ Kb4 86. Qd2+ Qxd2 87. Rxd2 Be4 88. Re2 Bf5 89. g6 1-0

[Event "Mondiale Lampo FIDE 2017"]
[Site "Riyadh"]
[Date "30.12.2017"]
[Round "13.31"]
[White "Alekseev, Evgeny"]
[Black "Ivanchuk, Vassily"]
[Result "1/2-1/2"]
[WhiteTitle "GM"]
[BlackTitle "GM"]
[WhiteElo "2616"]
[BlackElo "2726"]
[WhiteFideId "4138147"]
[BlackFideId "14100010"]
[EventDate "2017.12.29"]

1. e4 e5 2. Nf3 Nc6 3. Bc4 Nf6 4. d3 h6 5. O-O d6 6. c3 g6 7. h3 Bg7 8. Bb3 O-O
9. Re1 Re8 10. Be3 Be6 11. Ba4 a6 12. Nbd2 Bd7 13. Bc2 d5 14. a3 Be6 15. b4 b6
16. Ba4 Bd7 17. Bb3 Be6 18. Ba4 Bd7 19. Bc2 Be6 20. Qb1 Qd6 21. Nf1 Nd7 22. Qc1
Kh7 23. Bd2 Ne7 24. Ne3 c6 25. Ng4 Ng8 26. d4 Bxg4 27. hxg4 exd4 28. cxd4 dxe4
29. Rxe4 Ngf6 30. Rxe8 Rxe8 31. g5 hxg5 32. Nxg5+ Kg8 33. Bb3 Nd5 34. Nf3 Nf8
35. Qc4 Ne6 36. Rc1 Rd8 37. Qxc6 Qxc6 38. Rxc6 Nxd4 39. Nxd4 Bxd4 40. Kf1 Bb2
41. a4 Ba3 42. b5 axb5 43. axb5 Bc5 44. Bg5 Rd7 45. g3 Kg7 46. Rc8 Ne7 47. Re8
Nf5 48. Bf4 Nd6 49. Be5+ Kh6 50. Rh8+ Kg5 51. Bxd6 Bxd6 52. Rh7 1/2-1/2

[Event "Mondiale Lampo FIDE 2017"]
[Site "Riyadh"]
[Date "30.12.2017"]
[Round "13.32"]
[White "Zhao, Jun"]
[Black "Kasimdzhanov, Rustam"]
[Result "1-0"]
[WhiteTitle "GM"]
[BlackTitle "GM"]
[WhiteElo "2604"]
[BlackElo "2683"]
[WhiteFideId "8602522"]
[BlackFideId "14200244"]
[EventDate "2017.12.29"]

1. Nf3 c5 2. g3 Nc6 3. Bg2 e5 4. d3 d5 5. O-O Nf6 6. e4 d4 7. a4 Be7 8. Na3 Bg4
9. Bd2 Nd7 10. c3 O-O 11. Qb1 a5 12. Nb5 Ndb8 13. Qc2 Na6 14. h4 Qd7 15. c4 Nab4
16. Qb1 f5 17. Bxb4 axb4 18. exf5 Qxf5 19. Nd2 Be2 20. Be4 Qg4 21. Re1 Bxh4 22.
Rxe2 Qxe2 23. Qe1 Qg4 24. Nc7 Rab8 25. Bd5+ Kh8 26. Qe4 Qxe4 27. Nxe4 Be7 28.
Kg2 Na5 29. Rh1 g6 30. Ne6 Rf5 31. N6xc5 Bxc5 32. Nxc5 Rbf8 33. f3 Rb8 34. Be4
Rg5 35. g4 Re8 36. Nxb7 Nb3 37. Nd6 Re7 38. Kg3 Kg7 39. a5 Nxa5 40. Ra1 Nb3 41.
Ra8 h5 42. Kh4 hxg4 43. Kxg5 g3 44. f4 Nc5 45. Bf3 Nxd3 46. f5 Rf7 47. Nxf7 Ne1
48. Be4 gxf5 49. Kxf5 d3 50. Nxe5 d2 51. Rd8 g2 52. Bxg2 1-0

[Event "Mondiale Lampo FIDE 2017"]
[Site "Riyadh"]
[Date "30.12.2017"]
[Round "13.33"]
[White "Guseinov, Gadir"]
[Black "Meier, Georg"]
[Result "1-0"]
[WhiteTitle "GM"]
[BlackTitle "GM"]
[WhiteElo "2646"]
[BlackElo "2650"]
[WhiteFideId "13401378"]
[BlackFideId "4675789"]
[EventDate "2017.12.29"]

1. Nf3 d5 2. b3 Nf6 3. Bb2 Bf5 4. g3 e6 5. Bg2 h6 6. O-O Be7 7. d3 O-O 8. Nbd2
c5 9. Re1 Nc6 10. e4 Bh7 11. a3 Rc8 12. h3 a6 13. Qe2 Re8 14. e5 Nd7 15. Nf1 b5
16. Rad1 Qc7 17. N1h2 Red8 18. Ng4 c4 19. dxc4 dxc4 20. bxc4 bxc4 21. Bc1 c3 22.
Bf4 Nf8 23. Nf6+ gxf6 24. exf6 Bd6 25. Bxh6 Ng6 26. Ng5 Be5 27. Qh5 Bxf6 28.
Nxh7 Be7 29. Bg5 Nd4 30. Nf6+ Bxf6 31. Bxf6 Nf5 32. Be4 Rxd1 33. Rxd1 Qc5 34.
Qg5 Ng7 35. Qh6 Ne8 36. Bd4 Qf8 37. Qh5 Ng7 38. Qg5 Rd8 39. Bf3 e5 40. Bxc3
Rxd1+ 41. Bxd1 Qxa3 42. Qd2 Ne6 43. h4 Ne7 44. Bxe5 Nc6 45. Bf6 Qc5 46. Qh6 1-0

[Event "Mondiale Lampo FIDE 2017"]
[Site "Riyadh"]
[Date "30.12.2017"]
[Round "13.34"]
[White "Moiseenko, Alexander"]
[Black "Wang, Yue"]
[Result "0-1"]
[WhiteTitle "GM"]
[BlackTitle "GM"]
[WhiteElo "2667"]
[BlackElo "2690"]
[WhiteFideId "14102560"]
[BlackFideId "8601429"]
[EventDate "2017.12.29"]

1. d4 Nf6 2. Bg5 e6 3. e4 h6 4. Bxf6 Qxf6 5. c3 d6 6. Bd3 g6 7. Ne2 Bg7 8. O-O
O-O 9. f4 Qe7 10. e5 b6 11. Nd2 Bb7 12. Be4 Bxe4 13. Nxe4 Rd8 14. Qe1 d5 15. Nd2
c5 16. g4 Nc6 17. a3 f6 18. Nf3 fxe5 19. fxe5 Rf8 20. Qd2 Rac8 21. Qd3 g5 22.
Ng3 Qc7 23. Nh5 cxd4 24. cxd4 Ne7 25. Rf2 Qc4 26. Rd1 Qxd3 27. Rxd3 Ng6 28. Kg2
Nf4+ 29. Nxf4 Rxf4 30. h3 Bf8 31. Rdd2 b5 32. Rc2 Rc4 33. Kg3 Be7 34. Rfe2 a5
35. Red2 a4 36. Re2 Bd8 37. Red2 Ba5 38. Re2 Bb6 39. Red2 Kf7 40. Rc3 Ba5 41.
Rxc4 bxc4 42. Rf2 Ke7 43. h4 Bb6 44. hxg5 hxg5 45. Rh2 Bxd4 46. Rh7+ Ke8 47.
Nxg5 Bxe5 48. Kh3 Rf6 49. Rb7 Rh6+ 50. Kg2 Rh2+ 51. Kf3 Rxb2 52. Rxb2 Bxb2 53.
Nxe6 Ke7 54. Nc5 Kd6 55. Nxa4 Bxa3 56. g5 Ke5 57. g6 Bf8 58. Ke2 d4 59. Nb6 d3+
60. Kd2 Kd4 61. Na4 c3+ 62. Kd1 c2+ 0-1